Disaster Management (Record no. 60763)
[ view plain ]
| 000 -LEADER | |
|---|---|
| fixed length control field | 00483nam a22001817a 4500 |
| 005 - DATE & TIME | |
| control field | 20260511132758.0 |
| 008 - FIXED-LENGTH DATA ELEMENTS--GENERAL INFORMATION | |
| fixed length control field | 260511b |||||||| |||| 00| 0 eng d |
| 020 ## - ISBN | |
| International Standard Book Number | 9789389396256 |
| Price | 275.00 |
| 040 ## - CATALOGING SOURCE | |
| Original cataloging agency | Doon University |
| 041 ## - Language | |
| Language | English |
| 082 ## - DDC NUMBER | |
| Classification number | 363.34 |
| Book Number | MON |
| 100 ## - MAIN ENTRY--PERSONAL NAME | |
| Personal name | Mondal. Debabrata |
| 245 ## - TITLE STATEMENT | |
| Title | Disaster Management |
| Sub Title | Concepts and Approaches |
| 260 ## - PUBLICATION, DISTRIBUTION, ETC. (IMPRINT) | |
| Place of publication, distribution, etc | New Delhi |
| Name of publisher, distributor, etc | CBS |
| Date of publication, distribution, etc | 2020 |
| 300 ## - PHYSICAL DESCRIPTION | |
| Pages | 95 |
| 650 ## - Subject | |
| Subject | Environment Science (PM USHA) |
| 942 ## - ADDED ENTRY ELEMENTS (KOHA) | |
| Koha item type | Books |
| 100 ## - MAIN ENTRY--PERSONAL NAME | |
| -- | 26789 |
| 650 ## - Subject | |
| -- | 26725 |
| 952 ## - LOCATION AND ITEM INFORMATION (KOHA) | |
| -- | 2026-05-11 |
| 952 ## - LOCATION AND ITEM INFORMATION (KOHA) | |
| -- | 2026-05-11 |
| 952 ## - LOCATION AND ITEM INFORMATION (KOHA) | |
| -- | 2026-05-11 |
| Withdrawn status | Lost status | Source of classification or shelving scheme | Damaged status | Not for loan | Location (home branch) | Sublocation or collection (holding branch) | Date acquired | Koha full call number | Accession No. | Koha date last seen | Koha item type | Koha issues (times borrowed) |
|---|---|---|---|---|---|---|---|---|---|---|---|---|
| Not For Loan | Doon University | Doon University | 11.05.2026 | 363.34 MON | 32980 | 11.05.2026 | Reference | |||||
| Doon University | Doon University | 11.05.2026 | 363.34 MON | 32981 | 11.05.2026 | Books | ||||||
| Doon University | Doon University | 11.05.2026 | 363.34 MON | 32982 | 11.05.2026 | Books |